| 000 | 01147nam a22002177a 4500 | ||
|---|---|---|---|
| 999 |
_c62099 _d62099 |
||
| 003 | Ge_BSU | ||
| 005 | 20240709171213.0 | ||
| 008 | 240709s2023 ge ||||| |||| 00| 0 geo d | ||
| 020 | _a9789941044366 | ||
| 041 | _ageo | ||
| 080 | _a614.2(075.8) გ-35 | ||
| 100 |
_aგერზმავა, ოთარ _eავტორი. _98385 |
||
| 245 |
_aსაზოგადოებრივი ჯანდაცვა და მენეჯმენტი : _bსახელმძღვ. სტუდენტებისა და ექიმებისათვის / _cოთარ გერზმავა; რედ. ჯანგირ მამალაძე. |
||
| 250 | _a11-ე შესწორებული და განახლებული გამოცემა. | ||
| 264 |
_aთბილისი, _c2023. |
||
| 300 |
_a 582 გვ.: _bნახ., ცხრ. _c29 სმ. |
||
| 653 | _aჯანდაცვა მენეჯმენტი | ||
| 653 | _aმედიცინა | ||
| 700 |
_aმამალაძე, ჯანგირ _eრედაქტორი _98386 |
||
| 942 |
_2udc _cᲬᲘᲒᲜᲘ |
||